书目信息 |
| 题名: |
中国至2050年区域科技发展路线图
|
|
| 作者: | ;中科院 编 | |
| 分册: | ||
| 出版信息: | 北京 科学出版社 2009.08 |
|
| 页数: | 21,178页 | |
| 开本: | 29cm | |
| 丛书名: | ||
| 单 册: | ||
| 中图分类: | G322.7 , G322 | |
| 科图分类: | ||
| 主题词: | 科学技术--发展战略--研究报告--中国 | |
| 电子资源: | ||
| ISBN: | 978-7-03-025406-1 | |
| 000 | 00968nam0 2200241 450 | |
| 001 | 004300285 | |
| 005 | 20140624164640.37 | |
| 010 | @a978-7-03-025406-1@dCNY80.00 | |
| 100 | @a20120301d2009 em y0chiy50 ea | |
| 101 | 0 | @achi |
| 102 | @aCN@b110000 | |
| 105 | @aa z 000yy | |
| 200 | 1 | @a中国至2050年区域科技发展路线图@Azhong guo zhi 2050 nian qu yu ke ji fa zhan lu xian tu@f中国科学院区域发展领域战略研究组[编] |
| 210 | @a北京@c科学出版社@d2009.08 | |
| 215 | @a21,178页@c图@d29cm | |
| 300 | @a创新2050:科学技术与中国的未来 | |
| 330 | @a本书阐释了区域研究的主要特性和基本模块,根据未来我国区域发展走势和科技需求分析,明确了2020年、2030年和2050年的区域发展科技目标、重大科学问题和路线图,凝练了区域发展的集成命题,并提出了中国科学院的对策及建议。 | |
| 606 | 0 | @a科学技术@x发展战略@x研究报告@y中国 |
| 690 | @aG322.7@v5 | |
| 690 | @aG322@v5 | |
| 711 | 02 | @a中科院@Azhong ke yuan@b区域发展领域战略研究组@4编 |
| 801 | 0 | @aCN@c20121226 |
| 905 | @dG322@eZ586@f2 | |
| 中国至2050年区域科技发展路线图/中国科学院区域发展领域战略研究组[编].-北京:科学出版社,2009.08 |
| 21,178页:图;29cm |
| 创新2050:科学技术与中国的未来 |
| ISBN 978-7-03-025406-1:CNY80.00 |
| 本书阐释了区域研究的主要特性和基本模块,根据未来我国区域发展走势和科技需求分析,明确了2020年、2030年和2050年的区域发展科技目标、重大科学问题和路线图,凝练了区域发展的集成命题,并提出了中国科学院的对策及建议。 |
| ● |
| 相关链接 |
|
|
|
正题名:中国至2050年区域科技发展路线图
索取号:G322/Z586
 
预约/预借
| 序号 | 登录号 | 条形码 | 馆藏地/架位号 | 状态 | 备注 |
| 1 | 1206341 | 212063416 | 社科二线422/422社科库 33排1列3层/ [索取号:G322/Z586] | 在馆 | |
| 2 | 1206342 | 212063425 | 社科库409/409社科库 120排2列6层/ [索取号:G322/Z586] | 在馆 | |
| 3 | 494201 | 204942018 | 社科库409/409社科库 120排2列6层/ [索取号:G322/Z586] | 在馆 |